EMBA - skok vzhůru
Štúdium Executive MBA určené pre manažérov, ktorí už majú skúsenosti s vedením. Cieľ štúdia EMBA. Dôležitý predpoklad - výber správnej školy. Prehľad najlepších (E)MBA škôl sveta. Náklady na štúdium. Prečo manažéri študujú EMBA. Podľa čoho si vybrať školu.
Salvato in:
| Natura: | Capitolo di libro |
|---|---|
| Lingua: | ceco |
| Soggetti: | |
| Tags: |
Nessun Tag, puoi essere il primo ad aggiungerne!!
|
MARC
| LEADER | 00000naa$a2200000$$$4500 | ||
|---|---|---|---|
| 001 | 0058498 | ||
| 005 | 20231128135026.8 | ||
| 041 | 0 | |a cze | |
| 044 | |a CZ | ||
| 245 | 1 | 0 | |a EMBA - skok vzhůru |
| 520 | |a Štúdium Executive MBA určené pre manažérov, ktorí už majú skúsenosti s vedením. Cieľ štúdia EMBA. Dôležitý predpoklad - výber správnej školy. Prehľad najlepších (E)MBA škôl sveta. Náklady na štúdium. Prečo manažéri študujú EMBA. Podľa čoho si vybrať školu. | ||
| 610 | 2 | 0 | |a vzdelávanie |
| 610 | 2 | 0 | |a kvalifikácia |
| 610 | 2 | 0 | |a manažéri |
| 610 | 2 | 0 | |a školy |
| 610 | 2 | 0 | |a odbornosť |